Normal view
MARC view
- Darbellay, Eliane
Entry Personal Name
001 - CONTROL NUMBER
- control field: 15731
003 - CONTROL NUMBER IDENTIFIER
- control field: OSt
005 - DATE AND TIME OF LATEST TRANSACTION
- control field: 20260311202514.0
008 - FIXED-LENGTH DATA ELEMENTS
- fixed length control field: 260311|| aca||aabn | a|a d
040 ## - CATALOGING SOURCE
- Original cataloging agency: OSt
- Transcribing agency: OSt
100 ## - HEADING--PERSONAL NAME
- Personal name: Darbellay, Eliane
670 ## - SOURCE DATA FOUND
- Source citation: Work cat.: (OSt)6186: Lipton, Michael, 1937- 15729, Successes in anti-poverty /, c1998.